Countries Closest to Palestine - 30 Second Sprint - Statistics

General Stats
  • This quiz has been taken 116 times
  • The average score is 11 of 20
Answer Stats
km country miles % Correct
0 Israel 0
97%
44 Syria 28
89%
0 Egypt 0
86%
140 Saudi Arabia 87
86%
0 Jordan 0
84%
323 Iraq 200
79%
57 Lebanon 36
79%
372 Turkey 231
72%
931 Iran 585
67%
288 Cyprus 179
54%
1096 Kuwait 681
53%
863 Libya 536
44%
1026 Sudan 638
38%
644 Greece 400
33%
1161 Armenia 721
31%
1143 Georgia 710
26%
1150 Azerbaijan 715
23%
1276 Russia 793
14%
1227 Bulgaria 762
6%
1373 Romania 853
3%
No matching quizzes found
Score Distribution
Percent of People with Each Score
Percentile by Number Answered
Your Score History
You have not taken this quiz